000 01039cab a22001935a 4500
001 L140745
008 071009s2007 xxk f s 000 0 eng d
035 _a(Sirsi) u140745
041 0 _aeng
100 1 _aHanson, James
245 0 0 _aSenior living equals senior profits
260 _c2007
490 _aProperty Forecast
_v10(8) September 2007, 7-8(2)
520 _aExamines the investment market for care homes. This asset class is booming after years as a niche sector, and with an ageing population its prospects are promising. The sector is still highly fragmented, and a number of further takeovers and mergers are expected in the foreseeable future. Experienced developers should find this market lucrative, with potential for significant expansion. The trend extends beyond the United Kingdom to much of Western Europe. One possible result may be a future move to more luxurious care accommodation as the market develops.
590 _aKA
651 4 _aUnited Kingdom
_y
690 _aResidential property
_96266
942 _n0
999 _c79333
_d79333